000 00284nam a2200109Ia 4500
008 200302s9999 xx 000 0 und d
100 _aJames Ambrose
245 _aBuilding Construction Interior Systems
260 _bC B S Publishers & Distributors
260 _c1997
300 _a153 P.,
999 _c1864
_d1864